|
|
|
|
| LEADER |
00000nab a2200000 a 4500 |
| 001 |
vtls000282867 |
| 003 |
SK-MaSNL |
| 005 |
20260304065731.0 |
| 008 |
250422c1986 xo 0 slo |
| 015 |
|
|
|a SNBRB19rr/mm-uuuuu
|
| 035 |
|
|
|a CL0292985
|
| 035 |
|
|
|a urn:nbn:sk:snk-ab2gcd
|
| 035 |
|
|
|a (urnnbn)urn:nbn:sk:snk:ar-a02e1j
|
| 035 |
|
|
|a (uuid)2ce5ec96-b869-41ab-8311-63453f445c42
|
| 040 |
|
|
|a SNKBUCL
|b slo
|c SNKBUCL
|e AACR2
|
| 041 |
0 |
|
|a slo
|
| 044 |
|
|
|a xo
|c SK
|
| 080 |
|
|
|a 338.51:519.233
|2 1981
|
| 080 |
|
|
|a 519.233
|2 1981
|
| 100 |
1 |
|
|a Zemanovičová, Daniela,
|d 1953-
|4 aut
|9 110402
|
| 245 |
1 |
0 |
|a Aplikácia parametrického spôsobu tvorby cien
|c Daniela Zemanovičová
|
| 300 |
|
|
|b Res. rus., nem., angl.
|
| 650 |
0 |
7 |
|a ceny
|2 snkbucl
|9 2113
|
| 650 |
0 |
7 |
|a metódy parametrické
|2 snkbucl
|9 1355071
|
| 655 |
|
7 |
|a články z novín a časopisov
|2 snkbucl
|9 267496
|
| 773 |
0 |
|
|t Ekonomické rozhľady
|g Roč. 19, č. 2 (1986), s. 55-60
|
| 850 |
|
|
|a Slovenská národná knižnica
|
| 852 |
|
|
|a Slovenská národná knižnica
|
| 954 |
|
|
|a odborná, vedecká literatúra pôvodná (slovenská)
|2 lita
|
| 958 |
|
|
|a article27
|
| 958 |
|
|
|a RK
|
| 958 |
|
|
|a OND
|
| 958 |
|
|
|a EUIPO
|
| 992 |
|
|
|a RBX
|
| 999 |
|
|
|c 2752257
|d 2754187
|